00419nam a2200145 a 450000500170000000800410001702000180005805000240007610000190010024500590011926000390017830000100021744000340022765000120026120140412111250.0010328s19uu xx 00 eng d a0-590-76494-2 aTR(GS 414bS36 Bk.7 aDaniel, Claire aShort and long vowels, grades 1-2 /cby Claire Daniel. aNew York :bScholastic Inc,c1997. a31 p. aScholastic: Fun with Phonics! aPhonics